[Event "Leipzig VfB op 11th"]
[Site "Leipzig"]
[Date "2004.03.21"]
[Round "9"]
[White "Seidel, Thomas1"]
[Black "Drygalla, Alexander"]
[Result "0-1"]
[WhiteElo "1790"]
[BlackElo "1571"]
[PlyCount "68"]
[EventDate "2004.03.16"]
[EventType "swiss"]
[EventRounds "9"]
[EventCountry "GER"]
[SourceTitle "EXT 2007"]
[Source "ChessBase"]
[SourceDate "2006.11.23"]
[SourceVersion "1"]
[SourceVersionDate "2006.11.23"]
[SourceQuality "1"]

1. c4 Nf6 2. Nc3 g6 3. d4 Bg7 4. e4 d6 5. Bd3 0-0 6. f3 Nc6 7. Be3 e5 8. d5 Nd4 9. Bxd4 exd4 10. Nb5 a6 11. Na3 c6 12. Qd2 Re8 13. Ne2 c5 14. h4 h5 15. 0-0-0 Bd7 16. Rdg1 b5 17. b3 bxc4 18. Nxc4 Bb5 19. a4 Bxc4 20. Bxc4 Nd7 21. g4 hxg4 22. Rxg4 Ne5 23. Rg3 Nxc4 24. bxc4 Qb6 25. h5 Rab8 26. Qc2 d3 27. Qxd3 Qb2+ 28. Kd1 Qb1+ 29. Qxb1 Rxb1+ 30. Nc1 Bh6 31. Kc2 Reb8 32. Rgg1 R8b2+ 33. Kd3 Ra1 34. Ne2 Rd2+ 0-1

[Event "Leipzig VfB op 11th"]
[Site "Leipzig"]
[Date "2004.03.20"]
[Round "7"]
[White "Fuchs, Judith"]
[Black "Drygalla, Alexander"]
[Result "1/2-1/2"]
[WhiteElo "1967"]
[BlackElo "1571"]
[PlyCount "111"]
[EventDate "2004.03.16"]
[EventType "swiss"]
[EventRounds "9"]
[EventCountry "GER"]
[SourceTitle "EXT 2007"]
[Source "ChessBase"]
[SourceDate "2006.11.23"]
[SourceVersion "1"]
[SourceVersionDate "2006.11.23"]
[SourceQuality "1"]

1. e4 d6 2. d4 Nf6 3. Nc3 g6 4. f3 c6 5. Be3 Bg7 6. Qd2 b5 7. h4 h5 8. Nh3 Bxh3 9. Rxh3 Nbd7 10. Bd3 a6 11. Ne2 c5 12. c3 Qa5 13. Rh1 Rb8 14. Rf1 0-0 15. Kf2 Rfc8 16. Rfc1 c4 17. Bc2 Qc7 18. g3 a5 19. a3 Rb7 20. Qe1 Rcb8 21. Bd2 Nb6 22. Rab1 Nc8 23. Kg2 e6 24. Qf2 Ne7 25. b3 Nc6 26. b4 axb4 27. axb4 Ra8 28. Be3 d5 29. e5 Nd7 30. Nf4 Ra2 31. Bd2 Nf8 32. g4 hxg4 33. fxg4 Rba7 34. Kg1 Qd8 35. g5 Ne7 36. Ng2 Nh7 37. Ne3 Nf5 38. Ng4 Qa8 39. Nf6+ Bxf6 40. gxf6 Ra1 41. Rxa1 Rxa1 42. Rxa1 Qxa1+ 43. Kh2 Qa2 44. Bxf5 exf5 45. Qf4 Qa8 46. h5 Qf8 47. Qf3 Qa8 48. Qg2 Nf8 49. Bh6 Qa1 50. Bxf8 Kxf8 51. hxg6 Qe1 52. g7+ Kg8 53. Qg3 Qe2+ 54. Kg1 Qd1+ 55. Kf2 Qd2+ 56. Kf1 1/2-1/2

[Event "Leipzig VfB op 11th"]
[Site "Leipzig"]
[Date "2004.03.17"]
[Round "2"]
[White "Drygalla, Alexander"]
[Black "Liedmann, Hans Joerg"]
[Result "0-1"]
[WhiteElo "1571"]
[BlackElo "1746"]
[PlyCount "36"]
[EventDate "2004.03.16"]
[EventType "swiss"]
[EventRounds "9"]
[EventCountry "GER"]
[SourceTitle "EXT 2007"]
[Source "ChessBase"]
[SourceDate "2006.11.23"]
[SourceVersion "1"]
[SourceVersionDate "2006.11.23"]
[SourceQuality "1"]

1. e4 c5 2. Nf3 d6 3. d4 cxd4 4. Nxd4 Nf6 5. Nc3 e6 6. Bg5 Be7 7. Qd2 a6 8. Be2 b5 9. a3 Bb7 10. Bf3 Qc7 11. 0-0 Nbd7 12. Be3 Rc8 13. Rac1 Ne5 14. Nde2 Nc4 15. Qe1 Nxb2 16. Bd4 Nc4 17. Ng3 e5 18. Be3 Nxe3 0-1

[Event "Leipzig VfB op 11th"]
[Site "Leipzig"]
[Date "2004.03.16"]
[Round "1"]
[White "Ehrhardt, Eric"]
[Black "Drygalla, Alexander"]
[Result "1-0"]
[WhiteElo "2060"]
[BlackElo "1571"]
[PlyCount "63"]
[EventDate "2004.03.16"]
[EventType "swiss"]
[EventRounds "9"]
[EventCountry "GER"]
[SourceTitle "EXT 2007"]
[Source "ChessBase"]
[SourceDate "2006.11.23"]
[SourceVersion "1"]
[SourceVersionDate "2006.11.23"]
[SourceQuality "1"]

1. e4 d6 2. f4 Nf6 3. Nc3 c5 4. Nf3 Bg4 5. Be2 g6 6. d3 Nc6 7. Be3 Bg7 8. Qd2 e6 9. 0-0-0 0-0 10. h3 Bxf3 11. Bxf3 Nd4 12. Qf2 Rb8 13. g4 b5 14. Ne2 Nxe2+ 15. Bxe2 a5 16. f5 a4 17. g5 Nd7 18. f6 Bh8 19. h4 b4 20. h5 b3 21. cxb3 axb3 22. a3 d5 23. Qh2 Nxf6 24. hxg6 fxg6 25. gxf6 Rb7 26. e5 Qc7 27. Bg4 Qc8 28. Qh3 Re8 29. Kb1 c4 30. dxc4 Qxc4 31. Bxe6+ Kf8 32. Bh6+ 1-0

[Event "Leipzig VfB op 10th"]
[Site "Leipzig"]
[Date "2003.03.11"]
[Round "1"]
[White "Drygalla, Alexander"]
[Black "Rohne, Lars"]
[Result "0-1"]
[WhiteElo "1377"]
[BlackElo "1878"]
[PlyCount "96"]
[EventDate "2003.03.11"]
[EventType "swiss"]
[EventRounds "9"]
[EventCountry "GER"]
[SourceTitle "EXT 2008"]
[Source "ChessBase"]
[SourceDate "2007.11.25"]
[SourceVersion "1"]
[SourceVersionDate "2007.11.25"]
[SourceQuality "1"]

1. e4 c5 2. Nf3 e6 3. d4 cxd4 4. Nxd4 Nf6 5. Nc3 Bb4 6. f3 d5 7. Bb5+ Bd7 8. e5 Qc7 9. exf6 Bxc3+ 10. bxc3 Qxc3+ 11. Qd2 Qxa1 12. 0-0 Bxb5 13. Nxb5 Qxf6 14. Nc7+ Kd7 15. Nxa8 Nc6 16. Rd1 Rxa8 17. Qd3 Qg6 18. Qb3 b6 19. c4 d4 20. Bb2 e5 21. c5 Kc7 22. cxb6+ axb6 23. Rc1 Qe6 24. Qb5 Ra5 25. Qd3 Rxa2 26. Ba3 Qg6 27. Qxg6 hxg6 28. Bf8 b5 29. Bxg7 Kd7 30. Rc5 d3 31. Rd5+ Ke6 32. Rxd3 Nd4 33. Bf8 Kd5 34. Re3 Re2 35. Rc3 Rc2 36. Re3 f6 37. Kf1 Rc8 38. Bb4 Kc4 39. Bd2 b4 40. Kf2 Ra8 41. Re4 b3 42. Bc1 Ra2+ 43. Kg3 b2 44. Bxb2 Rxb2 45. h4 Kd5 46. Re1 Ne2+ 47. Kg4 Nf4 48. g3 Rg2 0-1

[Event "JBLN Ost 0001"]
[Site "Germany"]
[Date "2001.03.18"]
[Round "?"]
[White "Stemmler, Lysan"]
[Black "Drygalla, Alexander"]
[Result "0-1"]
[WhiteElo "480"]
[BlackElo "1547"]
[PlyCount "42"]
[EventDate "2000.??.??"]
[EventType "team-tourn"]
[EventRounds "9"]
[EventCountry "GER"]
[SourceTitle "EXT 2003"]
[Source "ChessBase"]
[SourceDate "2002.11.25"]
[SourceVersion "1"]
[SourceVersionDate "2002.11.25"]
[SourceQuality "1"]

1. e4 d6 2. d4 Nf6 3. Nc3 g6 4. f3 Bg7 5. Be3 c6 6. Qd2 0-0 7. Bh6 b5 8. h4 a5 9. h5 Ba6 10. hxg6 fxg6 11. Bxg7 Kxg7 12. Qh6+ Kg8 13. g4 e5 14. 0-0-0 Qe7 15. Qd2 b4 16. Bxa6 bxc3 17. Qxc3 Rxa6 18. Ne2 Kg7 19. dxe5 Qxe5 20. Qd2 c5 21. Nc3 Nbd7 0-1

[Event "Leipzig VfB op 08th"]
[Site "Leipzig"]
[Date "2001.02.24"]
[Round "8"]
[White "Gangloff, Markus"]
[Black "Drygalla, Alexander"]
[Result "0-1"]
[WhiteElo "821"]
[BlackElo "1547"]
[PlyCount "88"]
[EventDate "2001.02.20"]
[EventType "swiss"]
[EventRounds "9"]
[EventCountry "GER"]
[SourceTitle "EXT 2008"]
[Source "ChessBase"]
[SourceDate "2007.11.25"]
[SourceVersion "1"]
[SourceVersionDate "2007.11.25"]
[SourceQuality "1"]

1. e4 d6 2. Nf3 Nf6 3. Nc3 g6 4. Bc4 Bg7 5. d3 c6 6. Be3 0-0 7. Qd2 Re8 8. 0-0-0 b5 9. Bb3 a5 10. Ng5 e6 11. a3 h6 12. Nf3 Kh7 13. h3 Qc7 14. g4 Nfd7 15. Rdg1 Ba6 16. Ne1 c5 17. a4 bxa4 18. Bxa4 Nc6 19. h4 Reb8 20. h5 Qb7 21. b3 g5 22. f4 f6 23. Rf1 Nb6 24. fxg5 fxg5 25. Bxc6 Qxc6 26. Rf7 Rb7 27. Rhf1 Raa7 28. Rxb7 Rxb7 29. Nd1 a4 30. Bxg5 axb3 31. Bf6 bxc2 32. Nxc2 Qb5 33. Bxg7 Kxg7 34. Qf4 Qe8 35. Qf6+ Kh7 36. Kd2 c4 37. Nb4 Bb5 38. Nc3 Ba4 39. Nxa4 Nxa4 40. Nc6 cxd3 41. Kxd3 Nc5+ 42. Kd4 e5+ 43. Kd5 Qg8+ 44. Kxd6 Nxe4+ 0-1

[Event "JBLN Ost 0001"]
[Site "Germany"]
[Date "2000.12.17"]
[Round "?"]
[White "Drygalla, Alexander"]
[Black "Otto, Martin"]
[Result "0-1"]
[WhiteElo "1547"]
[BlackElo "1433"]
[PlyCount "136"]
[EventDate "2000.??.??"]
[EventType "team-tourn"]
[EventRounds "9"]
[EventCountry "GER"]
[SourceTitle "EXT 2003"]
[Source "ChessBase"]
[SourceDate "2002.11.25"]
[SourceVersion "1"]
[SourceVersionDate "2002.11.25"]
[SourceQuality "1"]

1. e4 e6 2. d4 d5 3. Nc3 Nf6 4. Bg5 Be7 5. e5 Nfd7 6. Bxe7 Qxe7 7. f4 c5 8. Nf3 Nc6 9. Nb5 0-0 10. Nd6 cxd4 11. Bb5 f6 12. Bxc6 bxc6 13. Qxd4 c5 14. Qd2 fxe5 15. Nxc8 Raxc8 16. fxe5 Rf5 17. Qe2 Rb8 18. c3 Rbf8 19. 0-0 Nb6 20. b3 Qc7 21. Rae1 Nd7 22. Qa6 Qb6 23. Qxb6 axb6 24. Re2 h6 25. Rfe1 g5 26. h3 h5 27. Nh2 Kg7 28. g4 hxg4 29. hxg4 Rf4 30. Rd1 R8f7 31. Rde1 Nf8 32. Kg2 Ng6 33. Kg3 Nh4 34. Re3 Rf2 35. R1e2 R2f4 36. Re1 Kf8 37. R1e2 Ke7 38. Re1 Kd7 39. R1e2 Kc6 40. a4 Rf8 41. Rd2 d4 42. cxd4 Rxd4 43. Rde2 Kd5 44. Rf2 Rff4 45. Rfe2 Rfe4 46. Re1 Rxe3+ 47. Rxe3 Re4 48. Rd3+ Kxe5 49. Nf3+ Nxf3 50. Kxf3 Rd4 51. Rc3 Kd5 52. Kg3 e5 53. Kh3 e4 54. Kg2 Rd3 55. Rc1 Rxb3 56. Rf1 Rf3 57. Rh1 Ke5 58. Rh5 Kf4 59. Rh6 Rb3 60. Re6 e3 61. Kf1 Kxg4 62. Re7 Kg3 63. Rb7 c4 64. Ke2 g4 65. Kd1 Kg2 66. Rh7 g3 67. Rh5 Kf3 68. a5 bxa5 0-1

[Event "JBLN Ost 0001"]
[Site "Germany"]
[Date "2000.11.26"]
[Round "?"]
[White "Drygalla, Alexander"]
[Black "Viehweger, Martin"]
[Result "0-1"]
[WhiteElo "1547"]
[BlackElo "828"]
[PlyCount "112"]
[EventDate "2000.??.??"]
[EventType "team-tourn"]
[EventRounds "9"]
[EventCountry "GER"]
[SourceTitle "EXT 2003"]
[Source "ChessBase"]
[SourceDate "2002.11.25"]
[SourceVersion "1"]
[SourceVersionDate "2002.11.25"]
[SourceQuality "1"]

1. e4 e5 2. Nf3 Nc6 3. Nc3 Nf6 4. d4 exd4 5. Nxd4 Nxd4 6. Qxd4 d6 7. Bg5 Be7 8. 0-0-0 0-0 9. f3 Be6 10. h4 h6 11. Bd2 Nd7 12. Qf2 Ne5 13. g4 a6 14. Be2 b5 15. Rdg1 Qd7 16. h5 f6 17. f4 Nc4 18. Bxc4 Bxc4 19. Qg2 b4 20. Nd5 Bxd5 21. exd5 Qa4 22. Kb1 b3 23. axb3 Qd4 24. Re1 Bd8 25. Re6 Rb8 26. Be3 Qb4 27. Qe4 Qxe4 28. Rxe4 Rb5 29. Rd1 f5 30. gxf5 Kh7 31. Ra4 a5 32. Rad4 Rxf5 33. c4 Rxb3 34. Bd2 a4 35. Rh1 Bf6 36. Re4 Rxb2+ 37. Kc1 a3 38. Re3 a2 39. Ra3 Rb1+ 40. Kc2 Rxh1 41. Rxa2 Rh2 42. Kd3 Rfxh5 43. Ra7 R5h3+ 44. Be3 Kg6 45. Rxc7 Kf5 46. Rd7 Rf2 47. Rxd6 Rff3 48. Re6 Rxf4 49. Ke2 Rxc4 50. Kf2 Rc2+ 51. Kg1 Be5 52. Re8 Rxe3 53. Kf1 Rf3+ 54. Ke1 Bc3+ 55. Kd1 Rd2+ 56. Ke1 Rb2+ 0-1